| 000 | 03339cam a22005894i 4500 | ||
|---|---|---|---|
| 003 | PE-LiUPU | ||
| 005 | 20250731172719.0 | ||
| 008 | 150706s1989 mdu r 000 0 eng d | ||
| 020 | _a0925675040 | ||
| 035 | _a(Sirsi) i9780925675040 | ||
| 040 |
_aPE-LiUPU _bspa _cPE-LiUPU _erda |
||
| 049 | _aPRUA | ||
| 050 |
_aBS1556 _b.D36 _zV5 |
||
| 082 | 0 | 4 |
_a220.6 _bH71 _221 |
| 082 | 0 | 4 |
_a286.73205 _bSESDAi _221 |
| 245 | 0 | 0 |
_aDoctrine of the Sanctuary : _ba historical survey (1845 - 1863). _n5 / _cFrank B. Holbrook, ed. |
| 264 | 1 |
_aSilver Spring, MD : _bReview and Herald Publishing Association, _c1989. |
|
| 300 |
_a238 páginas ; _c23 centímetros. |
||
| 336 |
_atext _2rdacontent |
||
| 337 |
_aunmediated _2rdamedia |
||
| 338 |
_avolume _2rdacarrier |
||
| 490 | 0 |
_aDaniel & Revelation Committee Series ; _v5 |
|
| 505 | 0 | _aHistorical Background (Early nineteenth century) -- Among sabbatarian adventist (1845-1850) -- Continued clarification (1850-1863) -- The investigative jugment: its earty development -- William Miller's use of the word "atonement" -- Ellen G.White's use of scripture to explain the sanctuary doctrine -- Challengers to the doctrine of the sanctuary -- Statement on the desmont ford document -- Christ in the heavenly santuary (consesus document). | |
| 526 | _aSEG42 | ||
| 526 | _aSEG41 | ||
| 526 | _aSEG40 | ||
| 526 | _aSEG39 | ||
| 526 | _aP94 | ||
| 526 | _aP87 | ||
| 526 | _aP86 | ||
| 526 | _aP85 | ||
| 526 | _aP77 | ||
| 526 | _aP76 | ||
| 526 | _aP35 | ||
| 541 | _g005-003288; | ||
| 650 | 0 | 4 |
_aAdventistas del Séptimo Día _xDoctrinas _xHistoria _ySiglo XIX. |
| 650 | 0 | 4 |
_aSantuario, doctrina del (Adventistas del Séptimo Día) _xHistoria de las doctrinas _ySiglo XIX. |
| 700 | 1 |
_aHolbrook, Frank B., _eeditot. |
|
| 910 |
_blm _csm |
||
| 942 |
_2ddc _cBOOK |
||
| 949 |
_a220.6 H71 5 _wDEWEY _c1 _i58687 _f2017-2-14 _g1 _lCCODEBUL1 _mBUL _p10.00 _r0 _sY _tBOOK _u2015-7-6 _xTEOLOGIA _zUNKNOWN _0COMPRA _o.STAFF. Colección General |
||
| 949 |
_a220.6 H71 5 _wDEWEY _c2 _i10427 _d2016-10-26 _e2016-10-23 _f2017-2-14 _g1 _lCCODEBUL1 _mBUL _n1 _r0 _sY _tBOOK _u2015-6-17 _xTEOLOGIA _PP35 _0COMPRA _o.STAFF. Colección General |
||
| 949 |
_a220.6 H71 5 _wDEWEY _c3 _i54264 _f2017-2-14 _g1 _lCCODEBUL1 _mBUL _p12.00 _r0 _sY _tBOOK _u2015-7-9 _xTEOLOGIA _PP35 _0COMPRA _o.STAFF. Colección General |
||
| 949 |
_a230.6732 H71 _wDEWEY _c2 _i63420 _lCIA _mBWL _p15.00 _r1 _sY _tBOOK _u2015-7-6 _xWHITE _zUNKNOWN _o.STAFF. Colección General |
||
| 994 |
_aC0 _bPEPRU |
||
| 596 | _a1 4 | ||
| 999 |
_a220.6 H71 5 _wDEWEY _c1077 _i58687 _f2021-11-9 _g5 _lCCODEBUL1 _mBUL _p10.00 _r0 _sY _tBOOK _u2015-7-6 _xTEOLOGIA _zUNKNOWN _0COMPRA _o.STAFF. Colección General _d1077 |
||
| 999 |
_a220.6 H71 5 _wDEWEY _c2 _i10427 _d2018-10-31 _e2016-10-23 _f2021-11-9 _g5 _lCCODEBUL1 _mBUL _n1 _p22.95 _q1 _r0 _sY _tBOOK _u2015-6-17 _xTEOLOGIA _PP35 _0COMPRA _o.STAFF. Colección Teología |
||
| 999 |
_a220.6 H71 5 _wDEWEY _c3 _i54264 _d2019-6-27 _f2021-11-9 _g5 _lCCODEBUL1 _mBUL _p12.00 _q5 _r0 _sY _tBOOK _u2015-7-9 _xTEOLOGIA _PP35 _0COMPRA _o.STAFF. Colección General |
||
| 999 |
_a286.73205 SESDAI V5 _wDEWEY _c1 _iCW63420 _f2021-12-22 _g2 _lCCODECWL1 _mBWL _p15.00 _r1 _sY _tBOOK _u2015-7-6 _xWHITE _zUNKNOWN _o.STAFF. Centro White |
||
| 980 |
_81 _gALBERTO SANCHEZ Responsable de Automatización |
||